000 00478nam a2200133Ia 4500
008 220216s9999 xx 000 0 und d
100 _aGeorge K.T.
245 0 _aCrisis in the plantation sector and trade policy reforms in the era of globalisation
260 _bNational Seminar on WTO and Agriculture, 25 November 2004, Government College, Nattakom, Kottayam, India
_c2004
650 _aEconomic reform
650 _aRubber plantation
650 _aTrade policy
942 _cBS
999 _c52435
_d52435